J. J. P. Oud: arte plástico y arquitectura en Holanda
Saved in:
| Main Author: | |
|---|---|
| Format: | Book |
| Language: | Spanish |
| Published: |
Amsterdam
J. M. Meulenhoff
1965
|
| Subjects: | |
| Tags: |
Add Tag
No Tags, Be the first to tag this record!
|
MARC
| LEADER | 00000nam a2200000 a 4500 | ||
|---|---|---|---|
| 001 | UCT3878 | ||
| 003 | CL-VaPUC | ||
| 008 | 961031e19650000NE |||||||||||||||||spa|d | ||
| 082 | 0 | 4 | |a 720.92 |b WIE |2 21 |
| 100 | 0 | |a Wiekart, K |e author |9 372925 | |
| 245 | 1 | 0 | |a J. J. P. Oud: arte plástico y arquitectura en Holanda |
| 300 | |a 24 p | ||
| 942 | |c BK | ||
| 945 | |d 19961031 00:00:00 |a nastorga | ||
| 260 | |a Amsterdam |b J. M. Meulenhoff |c 1965 | ||
| 600 | 0 | 7 | |a OUD, JACOBUS JOHANNES PIETER |2 CL-VaPUC |9 372926 |
| 650 | 0 | |a Arquitectura holandesa |9 370722 | |
| 650 | 0 | |a Artes plásticas |9 268637 | |
| 650 | 0 | |a Arquitectos |9 268647 | |
| 650 | 0 | |a Biografías |9 255210 | |
| 583 | |a last modification |c 19961031 00:00:00 |k Rodrigo Vera | ||
| 999 | |c 253383 |d 253381 | ||
| 952 | |0 0 |1 0 |4 0 |6 720_920000000000000_WIE_1965 |7 0 |8 P |9 274205 |a BIBARQ |b BIBARQ |d 2019-11-19 |i 3244598 |o 720.92 WIE 1965 |p 3244598 |r 2025-01-20 |w 2019-11-19 |y BK |k ARQ | ||